000 00928cam a2200301 4500
001 2209304
003 ARRUPE
005 20131210125637.0
008 740508s1974 enka b 001 0 eng
010 _a 74164551
015 _aGB***
020 _a057110407X
040 _aDLC
_cDLC
_dDLC
043 _af-sj---
050 0 0 _aSPC DT132
_b.E79
082 0 0 _a301.41/09629/5
100 2 _aEvans-Pritchard, E. E.
_q(Edward Evan),
_d1902-1973.
_95358
245 1 0 _aMan and woman among the Azande;
_cedited by E. E. Evans-Pritchard.
260 _aLondon,
_bFaber and Faber
_c[1974]
300 _a197 p.
_billus.
_c23 cm.
350 _a£4.50
504 _aBibliography: p. 14-15.
650 0 _aZande (African people)
_95359
650 0 _aZande (African people)
_xMarriage customs and rites.
_95360
650 0 _aSex customs
_zSudan.
_95361
906 _a7
_bcbc
_corignew
_d3
_encip
_f19
_gy-gencatlg
942 _2lcc
_cMONOGRAPH
999 _c119144
_d119144